000
00301nam a2200109Ia 4500
008
200302s9999 xx 000 0 und d
100
_a
Alan Jay Christensen
245
_a
Dictionary of Landscsape Architecture and Construction
260
_b
Tata Mcgraw-Hill Co. Inc.
260
_c
2005
300
_a
479 P.,
999
_c
5022
_d
5022